Paralysis of the WTO Appellate Body: Prospects for Reform and The Rise of Alternative Dispute Settlement Mechanisms

Táto práca skúma paralýzu Odvolacieho orgánu Svetovej obchodnej organizácie a hodnotí, či sú vznikajúce alternatívne mechanizmy schopné zachovať stabilitu a legitimitu multilaterálneho systému urovnávania sporov. Cieľom je analyzovať inštitucionálne príčiny kolapsu Odvolacieho orgánu, ako aj systémo...

Descripción completa

Guardado en:
Detalles Bibliográficos
Autor principal: Brocková, Katarína, 1976-
Formato: Capítulo de libro
Lenguaje:inglés
Materias:
Etiquetas: Agregar Etiqueta
Sin Etiquetas, Sea el primero en etiquetar este registro!

MARC

LEADER 00000naa$a2200000$$$4500
001 0314480
005 20260123123454.5
041 0 |a eng 
044 |a SK 
245 1 0 |a Paralysis of the WTO Appellate Body: Prospects for Reform and The Rise of Alternative Dispute Settlement Mechanisms  |c Katarína Brocková 
520 |a Táto práca skúma paralýzu Odvolacieho orgánu Svetovej obchodnej organizácie a hodnotí, či sú vznikajúce alternatívne mechanizmy schopné zachovať stabilitu a legitimitu multilaterálneho systému urovnávania sporov. Cieľom je analyzovať inštitucionálne príčiny kolapsu Odvolacieho orgánu, ako aj systémové dôsledky pre globálne riadenie obchodu. Pomocou kvalitatívneho výskumu, dokumentárnej analýzy materiálov WTO a prípadových štúdií arbitráže podľa článku 25 Dohody o riešení sporov (DSU) štúdia hodnotí účinnosť mechanizmov, ako je napríklad Dočasná dohoda o odvolaní medzi viacerými stranami (MPIA). 
610 2 0 |a právo 
610 2 0 |a Európska únia 
610 2 0 |a obchod medzinárodný 
610 2 0 |a financie 
610 2 0 |a politika zahraničná 
610 2 0 |a porovnanie medzinárodné 
100 1 |a Brocková, Katarína, 1976-